000 00423nam a2200169 a 4500
001 0000-8831
003 ELIB.Books
008 110520 1963
035 _a(ELIB.Books)0000-8977
082 _a226.6
_bFil
100 _aFilson, Floyd V.
245 _aThree Crucial Decades
260 _bRichmond: John Knox Press
_c1963
650 _aNew Testament
942 _2ddc
_cBK
998 _cbat
_e2011-05-20
999 _c8831
_d8831